000
00319nam a22001337a 4500
008
170830b xxu||||| |||| 00| 0 eng d
020
_a
9780205032525
041
_a
eng
080
_2
8TH
_a
070
100
_a
40
101
_a
MED
245
_a
PUBLIC SPEAKING AN AUDIENCE-CENTERED APPROACH
_c
BEEBE,S.A
942
_2
udc
_c
BK
999
_c
25627
_d
25627